[Event "World Youth U-16 Olympiad 2018"]
[Site "Konya"]
[Date "2018.11.26"]
[Round "3"]
[White "Gharibyan, Mamikon"]
[Black "Kistrup, Nicolai"]
[Result "1-0"]
[WhiteElo "2314"]
[BlackElo "2092"]
[Annotator "RC"]
[PlyCount "105"]
[EventDate "2018.11.25"]
[EventType "team-tourn"]
[EventCountry "TUR"]
[SourceTitle "playchess.com"]
[Source "ChessBase"]
[SourceQuality "1"]
[WhiteTeam "Armenia"]
[BlackTeam "Denmark"]
[WhiteTeamCountry "ARM"]
[BlackTeamCountry "DEN"]

1. d4 Nf6 2. c4 e6 3. Nf3 b6 4. g3 Bb4+ 5. Bd2 Be7 6. Bg2 Bb7 7. O-O O-O 8. Nc3 c6 9. Bf4 d5 10. Ne5 Nbd7 11. Qa4 Nxe5 12. Bxe5 Qd7 13. Rfd1 Rfd8 14. Rac1 a6 15. Qc2 b5 16. c5 Qe8 17. e4 Nd7 18. Bf4 Nf8 19. h4 f6 20. Re1 Qf7 21. Bh3 Bc8 22. Qe2 Re8 23. Bg2 Bb7 24. Qf3 Rad8 25. Rcd1 Ng6 26. Be3 Nf8 27. b4 Kh8 28. a4 Ra8 29. Ra1 Bd8 30. axb5 axb5 31. Rxa8 Bxa8 32. Ra1 Bb7 33. Ra7 Qd7 34. Bh3 Qc7 35. exd5 exd5 36. Bf4 Qe7 37. Kg2 Ng6 38. Bd6 Qf7 39. h5 Nf8 40. Nxd5 Qxd5 41. Qxd5 cxd5 42. Rxb7 g6 43. h6 Kg8 44. c6 f5 45. c7 Bxc7 46. Rxc7 Ne6 47. Rd7 Nxd4 48. Bc5 Nc6 49. Rg7+ Kh8 50. Rc7 Ne5 51. Bd4 Kg8 52. Rg7+ Kh8 53. f4 1-0

[Event "World Youth U-16 Olympiad 2018"]
[Site "Konya"]
[Date "2018.11.26"]
[Round "3"]
[White "Mladek, Richard"]
[Black "Cheikh-Boukal, Ziyad"]
[Result "1-0"]
[WhiteElo "2312"]
[BlackElo "1830"]
[Annotator "NA RC"]
[PlyCount "109"]
[EventDate "2018.11.25"]
[EventType "team-tourn"]
[EventCountry "TUR"]
[SourceTitle "playchess.com"]
[Source "ChessBase"]
[SourceQuality "1"]
[WhiteTeam "Czech Republic"]
[BlackTeam "Algeria"]
[WhiteTeamCountry "CZE"]
[BlackTeamCountry "ALG"]

1. d4 d5 2. c4 dxc4 3. Nf3 Nf6 4. e3 a6 5. Bxc4 b5 6. Bd3 Bb7 7. O-O e6 8. Qe2 Nbd7 9. a4 b4 10. Nbd2 Be7 11. Nc4 c5 12. Rd1 Qc7 13. Bd2 O-O 14. Rac1 a5 15. Nce5 Rac8 16. e4 Qb8 17. Bg5 Rfd8 18. Nxd7 Rxd7 19. e5 Nd5 20. Qe4 g6 21. Qh4 cxd4 22. Bxe7 Rxc1 23. Rxc1 Rxe7 24. Qxd4 Rc7 25. Rf1 Ne7 26. Nd2 Bd5 27. Qf4 Nf5 28. Re1 Qc8 29. Nf1 Bc4 30. Bxf5 exf5 31. Ng3 Bb3 32. Qg5 Kh8 33. h4 Rd7 34. Re3 Bxa4 35. b3 Bb5 36. Qf6+ Kg8 37. e6 Rd1+ 38. Kh2 fxe6 39. Rxe6 Qf8 40. Qe5 Bd7 41. Re7 a4 42. bxa4 b3 43. Qe3 b2 44. Qb3+ Kh8 45. Rf7 Qd6 46. Qxb2+ Rd4 47. Rxd7 Qxd7 48. Ne2 Kg8 49. Qxd4 Qe7 50. Qc4+ Kg7 51. g3 g5 52. hxg5 Qxg5 53. Nf4 Qh6+ 54. Kg2 Qb6 55. Qd4+ 1-0

[Event "World Youth U-16 Olympiad 2018"]
[Site "Konya"]
[Date "2018.11.26"]
[Round "3"]
[White "Travadon, Loic"]
[Black "Ozturk, Efe Hakan"]
[Result "1-0"]
[WhiteElo "2310"]
[BlackElo "2083"]
[Annotator "NA RC"]
[PlyCount "115"]
[EventDate "2018.11.25"]
[EventType "team-tourn"]
[EventCountry "TUR"]
[SourceTitle "playchess.com"]
[Source "ChessBase"]
[SourceQuality "1"]
[WhiteTeam "France"]
[BlackTeam "Turkey"]
[WhiteTeamCountry "FRA"]
[BlackTeamCountry "TUR"]

1. d4 Nf6 2. Nf3 e6 3. Bf4 d5 4. e3 Bd6 5. Bg3 O-O 6. Nbd2 b6 7. c3 c5 8. Bd3 Ba6 9. Bxa6 Nxa6 10. Qe2 Nc7 11. Rd1 Bxg3 12. hxg3 Nce8 13. e4 dxe4 14. Nxe4 Qd5 15. Nxf6+ Nxf6 16. dxc5 Qxc5 17. O-O Rfd8 18. Rxd8+ Rxd8 19. Rd1 Rxd1+ 20. Qxd1 Qd5 21. Qxd5 Nxd5 22. Nd4 Kf8 23. Nc6 a5 24. Kf1 f6 25. Ke2 Ke8 26. c4 Nc7 27. c5 bxc5 28. Nxa5 Kd7 29. Kd3 Nd5 30. Kc4 Kd6 31. a4 g5 32. Nb3 Kc6 33. a5 h5 34. Nxc5 h4 35. gxh4 gxh4 36. Nxe6 Kd6 37. Nd4 Nf4 38. Nf5+ Kc6 39. Nxh4 Kb7 40. b4 Ka6 41. g3 Nh3 42. f4 Nf2 43. Nf5 Ne4 44. g4 Nd2+ 45. Kc5 Ne4+ 46. Kc6 Nd2 47. Nd6 Nf3 48. b5+ Kxa5 49. Kc5 Ne1 50. Nb7+ Ka4 51. b6 Nd3+ 52. Kc4 Nb2+ 53. Kc3 Nd1+ 54. Kd2 Nf2 55. Nc5+ Kb5 56. b7 Kxc5 57. b8=Q Ne4+ 58. Ke3 1-0

[Event "World Youth U-16 Olympiad 2018"]
[Site "Konya"]
[Date "2018.11.26"]
[Round "3"]
[White "Mis, Mieszko"]
[Black "Djerroud, Chahrazed"]
[Result "1-0"]
[WhiteElo "2307"]
[BlackElo "1389"]
[Annotator "TA"]
[PlyCount "47"]
[EventDate "2018.11.25"]
[EventType "team-tourn"]
[EventCountry "TUR"]
[SourceTitle "playchess.com"]
[Source "ChessBase"]
[SourceQuality "1"]
[WhiteTeam "Poland"]
[BlackTeam "Algeria"]
[WhiteTeamCountry "POL"]
[BlackTeamCountry "ALG"]

1. Nf3 d5 2. g3 Nf6 3. Bg2 Nc6 4. d4 Bf5 5. O-O e6 6. c4 dxc4 7. Qa4 Qd7 8. Qxc4 Be7 9. Ne5 Nxe5 10. dxe5 Nd5 11. Qb3 Bg6 12. Rd1 Qc6 13. Nc3 Qb6 14. Bxd5 exd5 15. Nxd5 Qxb3 16. Nxc7+ Kf8 17. axb3 Rc8 18. Rxa7 Bc2 19. Rd7 Bxb3 20. Be3 Bc4 21. Rxb7 Bd8 22. Bc5+ Kg8 23. e6 Bxc7 24. Rbxc7 1-0

[Event "World Youth U-16 Olympiad 2018"]
[Site "Konya"]
[Date "2018.11.26"]
[Round "3"]
[White "Veiga, Jose Francisco R P "]
[Black "Gorshtein, Ido"]
[Result "1-0"]
[WhiteElo "2305"]
[BlackElo "2390"]
[Annotator "TA"]
[PlyCount "69"]
[EventDate "2018.11.25"]
[EventType "team-tourn"]
[EventCountry "TUR"]
[SourceTitle "playchess.com"]
[Source "ChessBase"]
[SourceQuality "1"]
[WhiteTeam "Portugal"]
[BlackTeam "Israel"]
[WhiteTeamCountry "POR"]
[BlackTeamCountry "ISR"]

1. e4 c6 2. Nc3 d5 3. Nf3 Bg4 4. h3 Bxf3 5. Qxf3 e6 6. d3 Nd7 7. Bd2 Bc5 8. g4 Ne7 9. h4 d4 10. Ne2 Qb6 11. Rb1 Rf8 12. Bh3 Bd6 13. O-O O-O-O 14. h5 f6 15. Qg2 g6 16. hxg6 hxg6 17. f4 f5 18. b4 Rh8 19. e5 Bc7 20. a4 a6 21. Rf3 g5 22. gxf5 gxf4 23. f6 Rdg8 24. Ng3 Nf5 25. Bxf5 exf5 26. f7 Rxg3 27. Rxg3 fxg3 28. e6 Bd6 29. exd7+ Kxd7 30. Qf3 Qd8 31. Qxf5+ Kc7 32. Bf4 Qd7 33. Bxd6+ Qxd6 34. Re1 g2 35. Qe5 1-0

[Event "World Youth U-16 Olympiad 2018"]
[Site "Konya"]
[Date "2018.11.26"]
[Round "3"]
[White "Tadic, Stefan"]
[Black "Urh, Zala"]
[Result "1-0"]
[WhiteElo "2295"]
[BlackElo "2066"]
[Annotator "NA"]
[PlyCount "91"]
[EventDate "2018.11.25"]
[EventType "team-tourn"]
[EventCountry "TUR"]
[SourceTitle "playchess.com"]
[Source "ChessBase"]
[SourceQuality "1"]
[WhiteTeam "Serbia"]
[BlackTeam "Slovenia"]
[WhiteTeamCountry "SRB"]
[BlackTeamCountry "SLO"]

1. e4 e5 2. Nf3 Nc6 3. d4 exd4 4. Nxd4 Bc5 5. Nxc6 Qf6 6. Qf3 bxc6 7. Nd2 a5 8. a4 Qxf3 9. gxf3 Ne7 10. Nb3 Bb6 11. Be3 Bxe3 12. fxe3 d5 13. Bd3 O-O 14. Kf2 Ng6 15. f4 Re8 16. e5 Ne7 17. Rhd1 Bg4 18. Rd2 Reb8 19. Ra2 Bf5 20. Bxf5 Nxf5 21. Rd3 Rb4 22. Rc3 Ra6 23. Rc5 d4 24. e4 Ne3 25. Rxa5 Rxa5 26. Nxa5 Nxc2 27. Nxc6 Rb6 28. a5 Ra6 29. b4 d3 30. b5 Ra8 31. Rb2 f5 32. exf5 Kf7 33. b6 cxb6 34. axb6 Ra1 35. b7 d2 36. b8=Q Rf1+ 37. Kg3 Rf3+ 38. Kg4 Ne3+ 39. Kxf3 d1=Q+ 40. Kxe3 Qc1+ 41. Kd4 Qxf4+ 42. Kd5 Qf3+ 43. Kd6 Qa3+ 44. Kd7 Qd3+ 45. Qd6 Qxf5+ 46. e6+ 1-0

[Event "World Youth U-16 Olympiad 2018"]
[Site "Konya"]
[Date "2018.11.26"]
[Round "3"]
[White "Ozenir, Ekin Baris"]
[Black "Stearman, Josiah"]
[Result "1-0"]
[WhiteElo "2293"]
[BlackElo "2309"]
[Annotator "NA RC"]
[PlyCount "100"]
[EventDate "2018.11.25"]
[EventType "team-tourn"]
[EventCountry "TUR"]
[SourceTitle "playchess.com"]
[Source "ChessBase"]
[SourceQuality "1"]
[WhiteTeam "Turkey"]
[BlackTeam "United States"]
[WhiteTeamCountry "TUR"]
[BlackTeamCountry "USA"]

1. d4 Nf6 2. Bg5 e6 3. e4 h6 4. Bxf6 Qxf6 5. Qd2 b6 6. Nc3 Bb7 7. Nge2 a6 8. e5 Qd8 9. f4 Qh4+ 10. Ng3 Nc6 11. O-O-O Bb4 12. Nge4 d5 13. exd6 O-O-O 14. g3 Qh5 15. d5 exd5 16. Qxd5 Qxd5 17. Nxd5 cxd6 18. c3 Rhe8 19. Bg2 f5 20. Bh3 Kb8 21. Bxf5 Ne7 22. Nxe7 Bxe4 23. Bxe4 Rxe7 24. Bd3 Bc5 25. Bxa6 Kc7 26. Bb5 d5 27. a3 Re4 28. Rhe1 Bf2 29. Rxe4 dxe4 30. Rxd8 Kxd8 31. Kd2 Kc7 32. Ke2 Bg1 33. Kf1 Be3 34. b3 Bd2 35. Ke2 Bxc3 36. Ke3 Bb2 37. a4 Kd6 38. Kxe4 Ke6 39. Ba6 Kf6 40. Bc8 Bc1 41. Kd5 Be3 42. Kc6 g5 43. fxg5+ Kxg5 44. b4 Bg1 45. h3 Bf2 46. g4 Kf6 47. a5 bxa5 48. bxa5 h5 49. a6 Kg5 50. Kb7 Kf4 1-0

[Event "World Youth U-16 Olympiad 2018"]
[Site "Konya"]
[Date "2018.11.26"]
[Round "3"]
[White "Gombocz, Ferenc Jr."]
[Black "Kayan, Yasar Efe"]
[Result "1-0"]
[WhiteElo "2290"]
[BlackElo "1515"]
[Annotator "NA"]
[PlyCount "101"]
[EventDate "2018.11.25"]
[EventType "team-tourn"]
[EventCountry "TUR"]
[SourceTitle "playchess.com"]
[Source "ChessBase"]
[SourceQuality "1"]
[WhiteTeam "Hungary"]
[BlackTeam "Turkey"]
[WhiteTeamCountry "HUN"]
[BlackTeamCountry "TUR"]

1. c4 e6 2. g3 Nf6 3. Bg2 d5 4. Nf3 c5 5. O-O Nc6 6. b3 d4 7. Bb2 e5 8. d3 Bd6 9. Nbd2 O-O 10. a3 h6 11. Qc2 Be6 12. Rad1 Qd7 13. Rfe1 Rae8 14. e3 Bh3 15. Ne4 Nxe4 16. dxe4 Bxg2 17. Kxg2 Qc7 18. Nh4 g6 19. Qd2 Be7 20. Nf3 g5 21. Qc2 g4 22. Ng1 Bg5 23. h3 h5 24. Bc1 f5 25. f4 Bh6 26. hxg4 fxg4 27. f5 Qe7 28. Qf2 Na5 29. Rd3 b6 30. Kh1 Qb7 31. Qg2 b5 32. Kh2 bxc4 33. bxc4 Nxc4 34. Qa2 Qf7 35. exd4 Bxc1 36. Rxc1 Nd6 37. Qxf7+ Rxf7 38. dxc5 Nxe4 39. Rc4 Nf6 40. c6 Rc8 41. Kg2 Kg7 42. Ne2 Kh6 43. Nc3 a6 44. Nd1 Ne8 45. Rd7 Rc7 46. Rxf7 Rxf7 47. Ne3 Rc7 48. Nd5 Rc8 49. c7 Kg5 50. Rc6 Kxf5 51. Ne7+ 1-0

[Event "World Youth U-16 Olympiad 2018"]
[Site "Konya"]
[Date "2018.11.26"]
[Round "3"]
[White "Jakab, Bela"]
[Black "Pour Agha Bala, Amirreza"]
[Result "0-1"]
[WhiteElo "2290"]
[BlackElo "2319"]
[Annotator "TA"]
[PlyCount "72"]
[EventDate "2018.11.25"]
[EventType "team-tourn"]
[EventCountry "TUR"]
[SourceTitle "playchess.com"]
[Source "ChessBase"]
[SourceQuality "1"]
[WhiteTeam "Slovakia"]
[BlackTeam "Iran"]
[WhiteTeamCountry "SVK"]
[BlackTeamCountry "IRI"]

1. e4 c5 2. c3 Nf6 3. e5 Nd5 4. Nf3 e6 5. Bc4 d6 6. exd6 Bxd6 7. d4 cxd4 8. Nxd4 O-O 9. Nd2 Nd7 10. Bb3 Nc5 11. O-O Nxb3 12. Qxb3 b6 13. Rd1 Bb7 14. N2f3 Qf6 15. Bg5 Qg6 16. c4 Nf6 17. Bh4 Ne4 18. Nb5 Bf4 19. Bg3 Nc5 20. Qc3 Ne4 21. Qa3 a6 22. Bxf4 axb5 23. Qe3 bxc4 24. Ne5 Qh5 25. Nd7 Rfe8 26. f3 e5 27. Qxb6 exf4 28. Qxb7 Ng3 29. Qd5 Re1+ 30. Kf2 Rf1+ 31. Rxf1 Qxd5 32. Rfd1 Qb5 33. hxg3 Qxb2+ 34. Kg1 fxg3 35. Rab1 Qf2+ 36. Kh1 h6 0-1

[Event "World Youth U-16 Olympiad 2018"]
[Site "Konya"]
[Date "2018.11.26"]
[Round "3"]
[White "Kamer, Kayra"]
[Black "Gadimbayli, Abdulla"]
[Result "1/2-1/2"]
[WhiteElo "2290"]
[BlackElo "2419"]
[Annotator "TA"]
[PlyCount "117"]
[EventDate "2018.11.25"]
[EventType "team-tourn"]
[EventCountry "TUR"]
[SourceTitle "playchess.com"]
[Source "ChessBase"]
[SourceQuality "1"]
[WhiteTeam "Turkey"]
[BlackTeam "Azerbaijan"]
[WhiteTeamCountry "TUR"]
[BlackTeamCountry "AZE"]

1. e4 e6 2. d4 d5 3. Nd2 c5 4. Ngf3 cxd4 5. exd5 Qxd5 6. Bc4 Qd7 7. Nb3 Nc6 8. O-O a6 9. a4 Nf6 10. Qe2 Bd6 11. Bg5 Qc7 12. Rad1 Ne5 13. Nxe5 Bxe5 14. f4 Bd6 15. Rxd4 Be7 16. Rfd1 h6 17. Bh4 O-O 18. Qe5 Qb6 19. a5 Qa7 20. Qe2 b5 21. axb6 Qxb6 22. f5 a5 23. Bf2 Qc6 24. Bb5 Qb7 25. Ra4 exf5 26. Nxa5 Qc7 27. Nc6 Be6 28. Nxe7+ Qxe7 29. Rxa8 Rxa8 30. Bd3 Qb7 31. Qe5 Ng4 32. Qd4 Nxf2 33. Kxf2 Qc7 34. Kg1 Rd8 35. Qf2 Qa5 36. Rf1 g6 37. h4 Qb4 38. c3 Qb3 39. Qe2 Qd5 40. Rf3 h5 41. Bc2 Qa2 42. Re3 Kf8 43. Bd3 Qa7 44. Kh1 Qe7 45. Qf2 Qa7 46. Qf4 Qa1+ 47. Kh2 Qxb2 48. Qh6+ Kg8 49. Rxe6 Qb8+ 50. g3 Rxd3 51. Rxg6+ fxg6 52. Qxg6+ Kh8 53. Qxh5+ Kg8 54. Qg6+ Kh8 55. Qf6+ Kg8 56. Qe6+ Kh8 57. Qf6+ Kg8 58. Qe6+ Kh8 59. Qf6+ 1/2-1/2

[Event "World Youth U-16 Olympiad 2018"]
[Site "Konya"]
[Date "2018.11.26"]
[Round "3"]
[White "Subelj, Jan"]
[Black "Ivic, Velimir"]
[Result "1/2-1/2"]
[WhiteElo "2281"]
[BlackElo "2497"]
[Annotator "RC"]
[PlyCount "263"]
[EventDate "2018.11.25"]
[EventType "team-tourn"]
[EventCountry "TUR"]
[SourceTitle "playchess.com"]
[Source "ChessBase"]
[SourceQuality "1"]
[WhiteTeam "Slovenia"]
[BlackTeam "Serbia"]
[WhiteTeamCountry "SLO"]
[BlackTeamCountry "SRB"]

1. e4 c5 2. c3 Nf6 3. e5 Nd5 4. Nf3 Nc6 5. Bc4 Nb6 6. Bb3 c4 7. Bc2 d5 8. exd6 Qxd6 9. O-O Bg4 10. Re1 O-O-O 11. b3 Qf6 12. Na3 Bxf3 13. Qxf3 Qxf3 14. gxf3 cxb3 15. axb3 e6 16. Nc4 Nd5 17. b4 a6 18. Be4 Be7 19. d4 f5 20. Bxd5 exd5 21. Ne5 Nxe5 22. Rxe5 Bd6 23. Rxf5 g6 24. Rf7 Rdf8 25. Rxf8+ Rxf8 26. Kg2 Kd7 27. Bd2 Re8 28. Be3 Ra8 29. Ra5 Ke6 30. h4 b6 31. Ra4 Kd7 32. b5 a5 33. c4 dxc4 34. Rxc4 a4 35. d5 a3 36. Bd4 Ra5 37. Bxb6 a2 38. Bd4 a1=Q 39. Bxa1 Rxa1 40. Rg4 Rd1 41. h5 gxh5 42. Rg7+ Be7 43. Rxh7 Rxd5 44. b6 h4 45. Rh6 Rb5 46. f4 Ke8 47. f5 Kf7 48. b7 Bg5 49. Rh8 Bf4 50. Rxh4 Be5 51. Kf3 Rxb7 52. Ra4 Rb1 53. Ra6 Rb4 54. Rc6 Ra4 55. Rb6 Rf4+ 56. Ke3 Rxf5 57. Ke4 Rh5 58. Rb5 Rh4+ 59. f4 Bf6 60. Kf3 Be7 61. Kg3 Rh1 62. Kg4 Bd6 63. Rb6 Ke6 64. Rb3 Rf1 65. Rf3 Re1 66. Rh3 Re4 67. Rf3 Kf6 68. Rf2 Ra4 69. Rf1 Rc4 70. Rf3 Rb4 71. Rf1 Ra4 72. Rf2 Ra8 73. Rd2 Rg8+ 74. Kf3 Ke6 75. Ke4 Rg4 76. Rf2 Rg1 77. Rf3 Re1+ 78. Re3 Ra1 79. Rd3 Bc5 80. Kf3 Bd6 81. Ke4 Bc7 82. Rd2 Rf1 83. Rc2 Rxf4+ 84. Ke3 Be5 85. Rc8 Ra4 86. Kd3 Kd5 87. Rd8+ Bd6 88. Kc3 Ra3+ 89. Kb2 Rh3 90. Kc2 Ke5 91. Re8+ Kd4 92. Rd8 Rc3+ 93. Kb2 Rc6 94. Kb3 Kd3 95. Rh8 Rb6+ 96. Ka4 Bc5 97. Ka5 Rb1 98. Rh4 Bd4 99. Rh7 Kc4 100. Rc7+ Bc5 101. Ka6 Rb8 102. Rh7 Ra8+ 103. Kb7 Rg8 104. Kc6 Rg6+ 105. Kd7 Rd6+ 106. Kc7 Kb5 107. Rh1 Re6 108. Rb1+ Bb4 109. Rd1 Re7+ 110. Rd7 Re8 111. Rh7 Bc5 112. Kd7 Re5 113. Rf7 Kc4 114. Kc6 Rh5 115. Rf6 Bd4 116. Rg6 Ra5 117. Kd7 Kd5 118. Rd6+ Ke4 119. Ke6 Rh5 120. Kd7 Rh7+ 121. Kc6 Be5 122. Rd7 Rh8 123. Kb7 Rb8+ 124. Kc6 Rc8+ 125. Kb7 Rc5 126. Rd1 Bd4 127. Rh1 Kd5 128. Rh5+ Be5 129. Rh6 Rc7+ 130. Kb6 Rg7 131. Kb5 Rg1 132. Rh4 1/2-1/2

[Event "World Youth U-16 Olympiad 2018"]
[Site "Konya"]
[Date "2018.11.26"]
[Round "3"]
[White "Amon, Nejc"]
[Black "Milosevic, Milos"]
[Result "1/2-1/2"]
[WhiteElo "2257"]
[BlackElo "2293"]
[Annotator "NA"]
[PlyCount "78"]
[EventDate "2018.11.25"]
[EventType "team-tourn"]
[EventCountry "TUR"]
[SourceTitle "playchess.com"]
[Source "ChessBase"]
[SourceQuality "1"]
[WhiteTeam "Slovenia"]
[BlackTeam "Serbia"]
[WhiteTeamCountry "SLO"]
[BlackTeamCountry "SRB"]

1. e4 e5 2. Nf3 d6 3. d4 exd4 4. Qxd4 a6 5. Bg5 Nc6 6. Qd2 Be7 7. Nc3 Nf6 8. O-O-O O-O 9. Bc4 b5 10. Bd5 Nxd5 11. Nxd5 Bxg5 12. Nxg5 Ne5 13. f4 Nc4 14. Qd4 c6 15. Ne3 c5 16. Qc3 Nxe3 17. Qxe3 h6 18. Nf3 Bb7 19. e5 Re8 20. Qc3 b4 21. Qc4 Qa5 22. Rxd6 Bc8 23. Nd2 Be6 24. Rxe6 Rxe6 25. Ne4 Rd8 26. Nd6 Rdxd6 27. exd6 Rxd6 28. Rd1 Rxd1+ 29. Kxd1 Qd8+ 30. Ke2 Qf6 31. Qxc5 Qxf4 32. g3 Qe4+ 33. Kf2 g6 34. a3 a5 35. axb4 axb4 36. h4 h5 37. Qc8+ Kh7 38. Qc5 Kg8 39. Qc8+ Kh7 1/2-1/2

[Event "World Youth U-16 Olympiad 2018"]
[Site "Konya"]
[Date "2018.11.26"]
[Round "3"]
[White "Wang, Wesley"]
[Black "Nalbant, Tuna Onat"]
[Result "1-0"]
[WhiteElo "2248"]
[BlackElo "2194"]
[Annotator "NA"]
[PlyCount "89"]
[EventDate "2018.11.25"]
[EventType "team-tourn"]
[EventCountry "TUR"]
[SourceTitle "playchess.com"]
[Source "ChessBase"]
[SourceQuality "1"]
[WhiteTeam "United States"]
[BlackTeam "Turkey"]
[WhiteTeamCountry "USA"]
[BlackTeamCountry "TUR"]

1. e4 c5 2. Nf3 d6 3. d4 cxd4 4. Nxd4 Nf6 5. Nc3 a6 6. f4 e5 7. Nf3 Nbd7 8. a4 Be7 9. Bd3 O-O 10. O-O exf4 11. Bxf4 Qb6+ 12. Kh1 Qxb2 13. Qe1 Qb6 14. Rb1 Qd8 15. Be3 Re8 16. Bd4 Bf8 17. Qg3 Nh5 18. Qf2 Nhf6 19. Nd5 Ng4 20. Qg3 Nge5 21. Nxe5 dxe5 22. Be3 f6 23. Bb6 Nxb6 24. Nxf6+ Kh8 25. Nxe8 Qxe8 26. Qxe5 Bd7 27. Qxe8 Rxe8 28. Rxb6 Bc6 29. Bxa6 Bc5 30. Rb3 Bxa4 31. Rxb7 h6 32. Bb5 Bxb5 33. Rxb5 Bd4 34. e5 Rc8 35. Rd5 Be3 36. e6 Bg5 37. Rxg5 hxg5 38. e7 Kg8 39. g4 Re8 40. Rf8+ Rxf8 41. exf8=Q+ Kxf8 42. Kg2 g6 43. Kf3 Ke7 44. Ke4 Kd6 45. Kd4 1-0

[Event "World Youth U-16 Olympiad 2018"]
[Site "Konya"]
[Date "2018.11.26"]
[Round "3"]
[White "Semjonovs, Ilja"]
[Black "Navaratnam, Rohan Shan Tze"]
[Result "1-0"]
[WhiteElo "2245"]
[BlackElo "2097"]
[Annotator "NA"]
[PlyCount "109"]
[EventDate "2018.11.25"]
[EventType "team-tourn"]
[EventCountry "TUR"]
[SourceTitle "playchess.com"]
[Source "ChessBase"]
[SourceQuality "1"]
[WhiteTeam "Latvia"]
[BlackTeam "Malaysia"]
[WhiteTeamCountry "LAT"]
[BlackTeamCountry "MAS"]

1. e4 e6 2. d4 d5 3. Nc3 Bb4 4. exd5 exd5 5. Bd3 Ne7 6. a3 Bxc3+ 7. bxc3 Bf5 8. Qf3 Qd7 9. h3 O-O 10. Ne2 Nbc6 11. O-O Na5 12. Ng3 Bg6 13. Bg5 c6 14. Rae1 Rae8 15. Re2 Nc4 16. Rfe1 f6 17. Bc1 Nd6 18. a4 a5 19. Ba3 Nec8 20. Qf4 Kf7 21. h4 Rxe2 22. Rxe2 Re8 23. Re3 Nc4 24. Bxc4 dxc4 25. h5 Bxc2 26. Rxe8 Kxe8 27. h6 Bg6 28. Ne4 Bxe4 29. Qxe4+ Kd8 30. Qxh7 gxh6 31. Qh8+ Kc7 32. Qxf6 Qe8 33. Qf4+ Kd7 34. Qf5+ Qe6 35. Qh7+ Kd8 36. Kf1 b5 37. axb5 cxb5 38. Qb7 Qf5 39. g3 b4 40. cxb4 Qd3+ 41. Kg2 Qxa3 42. Qd5+ Ke8 43. Qxc4 Ne7 44. Qb5+ Kf8 45. bxa5 Qd6 46. a6 Qxd4 47. Qb8+ Kg7 48. a7 Qd5+ 49. f3 Qd2+ 50. Kh3 Qe2 51. a8=Q Qf1+ 52. Kg4 h5+ 53. Kg5 Qc1+ 54. f4 Qc5+ 55. Qe5+ 1-0

[Event "World Youth U-16 Olympiad 2018"]
[Site "Konya"]
[Date "2018.11.26"]
[Round "3"]
[White "Bekturov, Tamerlan"]
[Black "Spyropoulos, Nikolaos"]
[Result "1/2-1/2"]
[WhiteElo "2244"]
[BlackElo "2378"]
[Annotator "TA"]
[PlyCount "128"]
[EventDate "2018.11.25"]
[EventType "team-tourn"]
[EventCountry "TUR"]
[SourceTitle "playchess.com"]
[Source "ChessBase"]
[SourceQuality "1"]
[WhiteTeam "Kazakhstan"]
[BlackTeam "Greece"]
[WhiteTeamCountry "KAZ"]
[BlackTeamCountry "GRE"]

1. d4 Nf6 2. c4 e6 3. Nc3 Bb4 4. e3 O-O 5. Nge2 c6 6. a3 Ba5 7. b4 Bc7 8. e4 d6 9. Ng3 a5 10. Rb1 axb4 11. axb4 e5 12. d5 Bb6 13. Be2 Bd4 14. Bd2 g6 15. O-O h5 16. Bd3 Ng4 17. h3 Qh4 18. Nce2 Bxf2+ 19. Rxf2 Nxf2 20. Kxf2 f5 21. exf5 gxf5 22. Kg1 f4 23. Ne4 Bxh3 24. gxh3 Qxh3 25. Nf2 Qh4 26. Kf1 f3 27. Ng1 Qg3 28. Ngh3 Nd7 29. Be4 Nf6 30. Qxf3 Nxe4 31. Qxe4 Qxh3+ 32. Qg2+ Qxg2+ 33. Kxg2 Ra2 34. Be3 cxd5 35. cxd5 e4 36. Kg1 Re2 37. Bb6 Rf4 38. Rb3 h4 39. Kf1 Rc2 40. Ke1 Rf3 41. Rxf3 exf3 42. Bd8 Re2+ 43. Kf1 Rd2 44. Bxh4 Rxd5 45. Bg3 Rd4 46. Nh3 d5 47. Bd6 Rd2 48. Ng5 f2 49. Nh3 Kf7 50. Nxf2 Ke6 51. Bc5 Ke5 52. Ke1 Ra2 53. Ng4+ Kf5 54. Nf2 Kf4 55. Nd1 Ke5 56. Nc3 Rg2 57. Nb5 Ra2 58. Nc3 Ra6 59. Kd2 Rg6 60. Ne2 b6 61. Be3 Rc6 62. Kd3 Rg6 63. Bf4+ Kf5 64. Be3 Ke5 1/2-1/2

[Event "World Youth U-16 Olympiad 2018"]
[Site "Konya"]
[Date "2018.11.26"]
[Round "3"]
[White "Isik, Alparslan"]
[Black "Garayev, Kanan"]
[Result "1/2-1/2"]
[WhiteElo "2220"]
[BlackElo "2406"]
[Annotator "TA"]
[PlyCount "168"]
[EventDate "2018.11.25"]
[EventType "team-tourn"]
[EventCountry "TUR"]
[SourceTitle "playchess.com"]
[Source "ChessBase"]
[SourceQuality "1"]
[WhiteTeam "Turkey"]
[BlackTeam "Azerbaijan"]
[WhiteTeamCountry "TUR"]
[BlackTeamCountry "AZE"]

1. d4 Nf6 2. c4 e6 3. Nf3 d5 4. g3 c5 5. cxd5 exd5 6. Bg2 Nc6 7. O-O Be7 8. Nc3 O-O 9. dxc5 Bxc5 10. a3 a5 11. Bg5 d4 12. Nb5 h6 13. Bf4 Bg4 14. Rc1 Qb6 15. Qb3 Be6 16. Qa4 Nd5 17. Be5 Bg4 18. Rxc5 Qxc5 19. Bd6 Qb6 20. Bxf8 Rxf8 21. Nfxd4 Nxd4 22. Nxd4 Nf6 23. e3 Rc8 24. b4 axb4 25. Qxb4 Qxb4 26. axb4 Rc4 27. b5 b6 28. Ra1 Bd7 29. Bc6 Bh3 30. Bg2 Bd7 31. h4 g5 32. hxg5 hxg5 33. Bc6 Bxc6 34. Nxc6 Nd5 35. Nd4 Nc7 36. Rb1 Kf8 37. Kf1 Ke7 38. Ke2 Kd6 39. Kd3 Rc5 40. Ke4 Nd5 41. Rb2 Nc3+ 42. Kd3 Nd5 43. Rb3 Rc1 44. Ra3 Rc5 45. Ra8 Kd7 46. Rb8 g4 47. Rb7+ Ke8 48. e4 Nb4+ 49. Ke3 Rc3+ 50. Ke2 Rc4 51. Ke3 Rc3+ 52. Kf4 Nd3+ 53. Kxg4 Nxf2+ 54. Kf4 Rc4 55. Ke5 Ng4+ 56. Kd5 Ne3+ 57. Ke5 Ng4+ 58. Kf4 Rxd4 59. Kxg4 Rxe4+ 60. Kf5 Re6 61. g4 Rd6 62. Ke5 Rg6 63. Kf4 Rf6+ 64. Kg5 Rd6 65. Kh4 Rh6+ 66. Kg3 Rg6 67. Kf3 Rf6+ 68. Ke4 Rg6 69. Kf5 Rd6 70. g5 Rd5+ 71. Kf6 Rd6+ 72. Ke5 Rg6 73. Kf5 Rd6 74. Rc7 Rd5+ 75. Kf6 Rd6+ 76. Ke5 Rg6 77. Kd5 Rxg5+ 78. Kc6 Rg6+ 79. Kb7 f5 80. Rc6 Kf7 81. Rc7+ Ke8 82. Rc6 Kf7 83. Kxb6 f4 84. Kb7 Rxc6 1/2-1/2

[Event "World Youth U-16 Olympiad 2018"]
[Site "Konya"]
[Date "2018.11.26"]
[Round "3"]
[White "Wang, Yanbin"]
[Black "Fecker, Noah"]
[Result "1-0"]
[WhiteElo "2220"]
[BlackElo "2184"]
[Annotator "NA"]
[PlyCount "99"]
[EventDate "2018.11.25"]
[EventType "team-tourn"]
[EventCountry "TUR"]
[SourceTitle "playchess.com"]
[Source "ChessBase"]
[SourceQuality "1"]
[WhiteTeam "China"]
[BlackTeam "Switzerland"]
[WhiteTeamCountry "CHN"]
[BlackTeamCountry "SUI"]

1. Nf3 c5 2. g3 Nc6 3. Bg2 g6 4. O-O Bg7 5. d3 e5 6. Nbd2 Nge7 7. e4 O-O 8. c3 d6 9. a4 h6 10. Rb1 a5 11. Qe2 Be6 12. Nc4 f5 13. Ne1 d5 14. exd5 Bxd5 15. f4 Bxc4 16. dxc4 e4 17. Nc2 Qc7 18. Be3 b6 19. Rfd1 Rad8 20. Bf1 Kh7 21. Qf2 Rxd1 22. Rxd1 Rd8 23. Rc1 Rd7 24. Be2 Rd8 25. Bf1 Rd7 26. Be2 Qd8 27. Ne1 Rd6 28. Ng2 Qd7 29. h3 Nd8 30. Ra1 Bf6 31. g4 Ne6 32. Qg3 Qe8 33. Kh1 Qf7 34. Rg1 Rd8 35. Bd1 Rg8 36. Qf2 Rd8 37. Bc1 Ng7 38. Ne3 Ne6 39. Bc2 Bh8 40. Qg3 Rf8 41. Nd5 Nxd5 42. cxd5 Nc7 43. gxf5 Qxf5 44. Qg2 Rg8 45. d6 Ne6 46. Bxe4 Qf6 47. f5 Ng5 48. fxg6+ Kg7 49. Rf1 Qxd6 50. Bxg5 1-0